000 00938cad a22002415a 4500
001 L158299
008 121219e2014 xxk 000 0 eng d
035 _a(Sirsi) u158299
041 0 _aeng
100 1 _aLittlefair, P. J.
245 0 0 _aGuiding light
260 _c2014
490 _aRICS Property Journal
_vDecember 2014-January 2015, 36-37(2)
520 _aLooks at the importance of good lighting and its influence on the quality of indoor environments. Refers to BRE report Site layout planning for daylight and sunlight: a guide to good practice 2011, and RICS guidance note Daylighting and sunlighting 2012, L158300.
650 2 4 _aHOUSING HEALTH AND SAFETY RATING SYSTEM
650 2 4 _aBS 8206-62
651 4 _aUnited Kingdom
690 _aPlanning and development
_96259
690 _aEnvironment
_96238
700 1 _aTicleanu, Cosmin Dr
710 _aRoyal Institution of Chartered Surveyors
_94900
942 _n0
_2ddc
999 _c84551
_d84551